000 00772cam a2200241 a 4500
001 000014690
005 20250707112615.0
008 820601s1977 sp 001 0 spa d
020 _a843250355X
040 _aDO-SdBNP
_cCarP
_dDLC
082 _a320
_bM958e
100 1 _aMüller, Adam Heinrich,
_d1779-1829.
_933299
245 1 0 _aElementos de política :
_blecciones dadas en Dresden en el invierno de 1808-1809 /
_cAdam Heinrich Müller.
260 _aMadrid :
_bDncel,
_c1977.
300 _a331 p. ;
_c18 cm.
490 1 _aEl libro de bolsillo doncel
_v121
650 0 _aCiencia política
_95772
650 0 _aEstado
_9726
650 0 _aEconomia
_985383
830 0 _aEl libro de bolsillo doncel ;
_v121
_98628
910 _aCatalogación derivada
049 _aBNGR
999 _c14273
_d14273